गूढकथा (Record no. 190048)

MARC details
000 -LEADER
fixed length control field 00403nam a2200145Ia 4500
008 - FIXED-LENGTH DATA ELEMENTS--GENERAL INFORMATION
fixed length control field 090124s9999 xx 000 0 und d
082 ## - DEWEY DECIMAL CLASSIFICATION NUMBER
Item number 300494
245 ## - TITLE STATEMENT
Title गूढकथा
250 ## - EDITION STATEMENT
Edition statement 2
260 ## - PUBLICATION, DISTRIBUTION, ETC. (IMPRINT)
Name of publisher, distributor, etc भावे पु. भा. (पुरुषोत्तम भास्कर)
Date of publication, distribution, etc 1980
300 ## - PHYSICAL DESCRIPTION
Extent 148
630 ## - SUBJECT ADDED ENTRY--UNIFORM TITLE
Uniform title गूढकथा
730 ## - ADDED ENTRY--UNIFORM TITLE
Uniform title गूढकथा
942 ## - ADDED ENTRY ELEMENTS (KOHA)
Koha item type Book
Holdings
Withdrawn status Lost status Damaged status Not for loan Home library Current library Date acquired Cost, normal purchase price Total Checkouts Full call number Barcode Date last seen Cost, replacement price Price effective from Koha item type
  Missing from bundle     Marathi Granth Sangrahalaya,Thane Marathi Granth Sangrahalaya,Thane   18.00   300494 THNMGS-300494 01/24/2009 18.00 01/24/2009 Book